000 01127nam a22002891 4500
001 23092
003 BD-RjUL
005 20211209000906.0
008 140310s1932 nyuabcf 001 0 eng
035 _a(BD-RjUL)23157
035 _a(OCoLC)2973156
040 _aDLC
_cODa
_dOCoLC
_dDLC
_dBD-RjUL
_beng
041 _aeng
082 0 0 _a915.3
_bTHA 1936
100 1 _aThomas, Bertram,
_d1892-1950.
_971217
245 1 0 _aArabia Felix :
_bacross the "empty quarter" of Arabia /
_cby Bertram Thomas ... with a foreword by Colonel T.E. Lawrence <T.E.S.> and an appendix by Sir Arthur Keith ... containing also maps, charts, diagrams, and illustrations complementary to the text.
260 _aNew York :
_bC. Scribner's Sons,
_c1932 [Reprinted 1936].
300 _axxix p., 1 l., 397 p. :
_bill. ;
_c25 cm.
504 _aIncludes index.
651 0 _aArabian Peninsula
_xDescription and travel.
_958777
651 0 _aArabian Peninsula
_xSocial life and customs.
_971180
651 0 _aRubĘ» al-Khali.
_971218
700 1 _aKeith, Arthur,
_cSir,
_d1866-1955.
_936655
942 _2ddc
_cBK
999 _c23092
_d23092